000 00877nam a2200265 a 4500
001 BRL_1022
005 20190320211011.0
008 311013c1954----mx-a######---#000-0#spa-#
041 _aspa
044 _amx
050 4 _aNE1030
_b.W47 1954
100 1 _aWestheim, Paul
_d1886-1963
_925605
245 1 0 _aEl grabado en madera
_cpor Paul Westhein ; traducción de Mariana Frenk.
260 _aMéxico
_bFCE
_c1954
300 _a297 p.
_bil.
_c17 cm.
440 0 _aBreviarios del Fondo de Cultura Económica
_v95
_925606
500 _aIncluye índice de ilustraciones e índice de capitulares y viñetas
500 _aIncluye dedicatoria para Ruth Lechuga
500 _aLa biblioteca cuenta con 2 ejemplares
500 _aej.1 Au1123, ej.2 Au2122
650 1 4 _aGrabado en madera
_xHistoria
_97363
700 1 _aFrenk, Mariana
_etr.
_925607
902 _aGRL
942 _2lcc
_cB
999 _c9834
_d9834